Xã hội học nông thôn

Wedi'i Gadw mewn:
Manylion Llyfryddiaeth
Prif Awdur: Tống Văn Chung
Fformat: Llyfr
Iaith:Vietnamese
Cyhoeddwyd: Đại học quốc gia Hà Nội 2000
Tagiau: Ychwanegu Tag
Dim Tagiau, Byddwch y cyntaf i dagio'r cofnod hwn!
Thư viện lưu trữ: Mạng thư viện Đại học Đà Nẵng
LEADER 00638nam a2200253 4500
001 000021107
003 17554
005 20150403150401.0
008 150403s2000 viesd
020 |c 31200 
041 0 |a vie 
082 1 4 |a 307.72  |b TÔ-C 
100 1 |a Tống Văn Chung 
245 1 0 |a Xã hội học nông thôn  |c Tống Văn Chung 
260 |b Đại học quốc gia Hà Nội  |c 2000 
300 |a tr.  |c cm. 
OWN |a LSP 
999 |a From the UDN01 
TYP |a Monograph 
TYP |a Printed language 
980 |a Mạng thư viện Đại học Đà Nẵng